Catálogo
 En Linea

Alicia Alonso : (Registro nro. 19584)

Detalles MARC
000 -CABECERA
campo de control de longitud fija 00880nam a2200241 a 4500
001 - NÚMERO DE CONTROL
campo de control 000020076
005 - FECHA Y HORA DE LA ÚLTIMA TRANSACCIÓN
campo de control 20200929170245.0
008 - DATOS DE LONGITUD FIJA--INFORMACIÓN GENERAL
campo de control de longitud fija 100720s2008 cu ac 000 0 spa d
020 ## - NÚMERO INTERNACIONAL ESTÁNDAR DEL LIBRO
Número Internacional Estándar del Libro 9789591014887
040 ## - FUENTE DE LA CATALOGACIÓN
Centro catalogador/agencia de origen DO-SdBNP
Lengua de catalogación spa
Centro/agencia transcriptor BNPHU
082 ## - NÚMERO DE LA CLASIFICACIÓN DECIMAL DEWEY
Número de clasificación 927.92809
Número de documento/Ítem H447a
049 ## - FONDOS LOCALES (OCLC)
Fondos de biblioteca BNPD
100 1# - ENTRADA PRINCIPAL--NOMBRE DE PERSONA
Nombre de persona Hechevarría, María del Carmen
9 (RLIN) 42644
245 10 - MENCIÓN DE TÍTULO
Título Alicia Alonso :
Resto del título más allá de la técnica /
Mención de responsabilidad, etc. María del Carmen Hechevarría.
260 ## - PUBLICACIÓN, DISTRIBUCIÓN, ETC.
Lugar de publicación, distribución, etc. La Habana :
Nombre del editor, distribuidor, etc. Letras Cubana,
Fecha de publicación, distribución, etc. 2008.
300 ## - DESCRIPCIÓN FÍSICA
Extensión 182 p. :
Otras características físicas il., retrs. ;
Dimensiones 29 cm.
500 ## - NOTA GENERAL
Nota general Incluye datos biográficos de la autora en la solapa de la contracubierta
500 ## - NOTA GENERAL
Nota general Incluye índice onomástico
500 ## - NOTA GENERAL
Nota general Incluye notas al pie de las páginas
504 ## - NOTA DE BIBLIOGRAFÍA, ETC.
Nota de bibliografía, etc. Incluye referencias bibliográficas ( p. 171-176)
600 14 - PUNTO DE ACCESO ADICIONAL DE MATERIA--NOMBRE DE PERSONA
Nombre de persona ALONSO, ALICIA,
Fechas asociadas al nombre 1921-
9 (RLIN) 19824
650 #4 - PUNTO DE ACCESO ADICIONAL DE MATERIA--TÉRMINO DE MATERIA
Término de materia o nombre geográfico como elemento de entrada Bailarinas
Subdivisión geográfica Cuba
Subdivisión general Biografías
9 (RLIN) 42645
Existencias
Estado de retiro Estado de pérdida Restricciones de uso No para préstamo Código de colección Localización permanente Ubicación/localización actual Ubicación en estantería Fecha de adquisición Número de inventario Total de préstamos Signatura topográfica completa Código de barras Fecha visto por última vez Precio válido a partir de Tipo de ítem Koha
      Excluido de préstamo Monografías: Libros y Folletos AYM AYM En catalogación 20.07.2010 LF1   927.92809 H447a 20076-10 25.06.2020 25.06.2020 No se presta

Con tecnología Koha